الروم في سياستهم وحضارتهم ودينهم وثقافتهم وصلتهم بالعرب = History of The Byzantine Empire : with special reference to its relations with contemporaneous moslem states wasilatihim bil Arab / (Record no. 78536)
[ view plain ]
| 000 -LEADER | |
|---|---|
| fixed length control field | 00906aaa a2200217 a 4500 |
| 001 - CONTROL NUMBER | |
| control field | 78536 |
| 003 - CONTROL NUMBER IDENTIFIER | |
| rucl marc code | BD-RjUL |
| 005 - DATE AND TIME OF LATEST TRANSACTION | |
| control field | 20211209083136.0 |
| 008 - FIXED-LENGTH DATA ELEMENTS--GENERAL INFORMATION | |
| fixed length control field | 210930s1956 le ||||| |||| 001 0 ara d |
| 035 ## - SYSTEM CONTROL NUMBER | |
| System control number | (BD-RjUL)78762 |
| 040 ## - CATALOGING SOURCE | |
| Original cataloging agency | BD-RjUL |
| Language of cataloging | eng |
| Transcribing agency | BD-RjUL |
| 041 ## - LANGUAGE CODE | |
| Language code of text/sound track or separate title | ara |
| 082 ## - DEWEY DECIMAL CLASSIFICATION NUMBER | |
| Edition number | 23 |
| Classification number | 949.502 |
| Author mark and year | RUR 1956 |
| 100 1# - MAIN ENTRY--PERSONAL NAME | |
| Personal name | رستم، أسد، ;; rustum, 'asad |
| Dates associated with a name | (1897-1965 |
| 9 (RLIN) | 248805 |
| 245 14 - TITLE STATEMENT | |
| Title | الروم في سياستهم وحضارتهم ودينهم وثقافتهم وصلتهم بالعرب = History of The Byzantine Empire : with special reference to its relations with contemporaneous moslem states wasilatihim bil Arab / |
| Remainder of title | أسد رستم. = by Asad J. Rustum. |
| 260 ## - PUBLICATION, DISTRIBUTION, ETC. (IMPRINT) | |
| Place of publication, distribution, etc. | بيروت = Beyrouth : |
| Name of publisher, distributor, etc. | دار المكشوف، Dar al Makchouf , |
| Date of publication, distribution, etc. | 1956 [1376] |
| 300 ## - PHYSICAL DESCRIPTION | |
| Pagination | v. ; [346 P. ;] |
| Size | 22 CM |
| 505 ## - FORMATTED CONTENTS NOTE | |
| Formatted contents note | Vol. 2.-- |
| 650 ## - SUBJECT ADDED ENTRY--TOPICAL TERM | |
| Topical term or geographic name as entry element | History |
| Form subdivision | Byzantine Empire |
| 9 (RLIN) | 248806 |
| 942 ## - ADDED ENTRY ELEMENTS (KOHA) | |
| Source of classification or shelving scheme | Dewey Decimal Classification |
| Koha item type | Books |
| Lost status | Source of classification or shelving scheme | Damaged status | Not for loan | Collection code | Permanent Location | Current Location | Shelving location | Date acquired | Total Checkouts | Full call number | Date last seen | Copy number | Koha item type |
|---|---|---|---|---|---|---|---|---|---|---|---|---|---|
| Dewey Decimal Classification | Not For Loan | Non-fiction | Central Library, University of Rajshahi | Central Library, University of Rajshahi | Reading Room | 30/09/2021 | A 949.502 RUR V-2 1956 | 30/09/2021 | C-1 | Books | |||
| Dewey Decimal Classification | Not For Loan | Non-fiction | Central Library, University of Rajshahi | Central Library, University of Rajshahi | Reading Room | 19/10/2021 | A 949.502 RUR V-1 1956 | 19/10/2021 | C-1 | Books |